| 000 | 00517nam a2200169 i 4500 | ||
|---|---|---|---|
| 001 | 65176 | ||
| 003 | ES-MaACL | ||
| 005 | 20230906165319.0 | ||
| 007 | t| | ||
| 008 | 040109s1972 sp ||||1| spa d | ||
| 100 | 1 |
_aFraser, Robert G. _952380 |
|
| 245 | 1 | 0 |
_aDiagnóstico de las enfermedades del tórax / _cRobert G. Fraser, J.A. Peter Paré. |
| 260 |
_aBarcelona : _bSalvat, _c[1972] |
||
| 300 |
_aXV, 1387 p., 70 lám. : _bil. ; _c27 cm. |
||
| 700 | 1 |
_aParé, Peter. _989026 |
|
| 852 |
_aES-MaACL _jC-43990 _bR.83945 |
||
| 999 |
_c65176 _d65176 |
||